Halkın sesi / (Kayıt no. 9526)
[ düz görünüm ]
| 000 -BAŞLIK | |
|---|---|
| Sabit Uzunluktaki Kontrol Alanı | 00532nam a22001937a 4500 |
| 003 - KONTROL NUMARASI KİMLİĞİ | |
| Kontrol Alanı | KOHA_MİRAKIL |
| 005 - EN SON İŞLEM TARİHİ ve ZAMANI | |
| Kontrol Alanı | 20251119112804.0 |
| 008 - SABİT UZUNLUKTAKİ VERİ ÖGELERİ - GENEL BİLGİ | |
| Sabit Alan | 251119b tu ||||| |||| 00| 0 tur d |
| 020 ## - ISBN - ULUSLARARASI STANDART KİTAP NUMARASI | |
| Isbn | 9789750402920 |
| 040 ## - KATALOGLAMA KAYNAĞI | |
| Özgün Kataloglama Kurumu | TR-AnABB |
| Kataloglama Dili | tur |
| Çeviri Kurumu | TR-AnABB |
| 041 ## - DİL KODU | |
| Metin ya da ses kaydının dil kodu | tur |
| 082 ## - DEWEY ONU SINIFLAMA SİSTEMİ | |
| Sınıflama Numarası | 843.914 |
| Cutter numarası | VAU 2010 |
| 100 1# - KİŞİ ADI | |
| Yazar Adı (Kişi adı) | Vautrin, Jean, |
| 245 10 - ESER ADI BİLDİRİMİ | |
| Başlık | Halkın sesi / |
| Sorumluluk Bildirimi | Jean Vautrin |
| 260 ## - YAYIN, DAĞITIM, VB. | |
| Yayın Yeri | İstanbul : |
| Yayınevi | Litaratür Yayınları, |
| Yayın Tarihi | 2010 |
| 300 ## - FİZİKSEL TANIMLAMA | |
| Sayfa, Cilt vb. | 705 sayfa ; |
| Boyutları | 19 cm |
| 650 04 - KONU BAŞLIĞI EK GİRİŞ - KONU TERİMİ | |
| Konusal terim veya coğrafi ad | Fransız edebiyatı, roman |
| 942 ## - EK GİRİŞ ÖGELERİ (KOHA) | |
| Sınıflama Kaynağı | Dewey Decimal Classification |
| Materyal Türü | Kitap |
| 900 ## - YEREL BİLGİ | |
| Kontrol | Gizem YORULMAZ |
| Geri Çekilme Durumu | Kayıp Durumu | Sınıflandırma Kaynağı | Kredi için değil | Kalıcı Konum | Mevcut Konum | Kayıt Tarih | Toplam Ödünçverme | Yer Numarası | Demirbaş Numarası | Son Görülme Tarihi | Fatura Tarihi | Materyal Türü |
|---|---|---|---|---|---|---|---|---|---|---|---|---|
| Dewey Decimal Classification | Büyükşehir Genç Akademi Batıkent | Büyükşehir Genç Akademi Batıkent | 19/11/2025 | 843.914 VAU 2010 | ABB125591 | 19/11/2025 | 19/11/2025 | Kitap |
